| 000 | 00500nam a2200145Ia 4500 | ||
|---|---|---|---|
| 008 | 100122s9999 xx 000 0 und d | ||
| 082 |
_b43470 _a181.48 |
||
| 100 | _aओशो | ||
| 245 | _aगांधीवाद - एक व्यथा | ||
| 260 |
_bजीवन जागृती केंद्र प्रकाशन _c1985 |
||
| 300 | _a186 | ||
| 630 | _aगांधीवाद - एक व्यथा | ||
| 730 | _aगांधीवाद - एक व्यथा | ||
| 942 | _cBOOK | ||
| 999 |
_c423506 _d423503 |
||